=LDR 00000nam 2200000 4500 =001 INLIS000000000003549 =005 20130612091841 =008 ***********************************Ind** =035 ##$$0010-061300000003549 =041 ##$$a Ind =082 ##$$a 610 =090 ##$$a 610, Sid t =100 ##$$a Sidharta, Priguna =245 ##$$a Tata pemeriksaan klinis dalam neurologi, Priguna Sidharta =260 ##$$a 1985 $b Jakarta =300 ##$$a 652 hlm., ilus., 21 cm =650 ##$$a edokteran =650 ##$$a Pemeriksaan klinis =850 ##$$a NBPNMAT